|
|
|
|
| LEADER |
00000nam a22000007a 4500 |
| 005 |
20151026131435.0 |
| 007 |
cr|z|| ||u| |
| 008 |
151026s20129999ag m||pss|||| 0|||b1spa d |
| 022 |
|
|
|a 1667-1805
|
| 035 |
|
|
|a 12910
|
| 040 |
|
|
|a vLex
|
| 090 |
|
|
|c 5622
|d 5622
|
| 245 |
1 |
0 |
|a Revista Trabajo y Seguridad Social (TySS)
|h [Recurso electrn̤ico] /
|c El Derecho Editorial Jurd̕ica
|
| 256 |
|
|
|a Servicio en ln̕ea
|
| 260 |
|
|
|a Tucumǹ
|b El Derecho Editorial Jurd̕ica
|c 2012
|
| 300 |
|
|
|a 1 recurso electrn̤ico
|
| 310 |
|
|
|a Mensual
|
| 500 |
|
|
|a Es la seccin̤ que aborda de manera exhaustiva la jurisprudencia, doctrina y legislacin̤ en materia de Derecho Laboral y Seguridad Social. Constituye una herramienta de gran practicidad y utilidad para el ejercicio diario de la profesin̤. Consiste en un servicio online donde encontrar ̀los fallos a texto completo, as ̕como tambiň sumarios, notas de jurisprudencia y comentarios realizados por profesionales de la editorial y por destacados especialistas, que resumen y aclaran lo establecido en la sentencia. Aądimos, en lo que es doctrina, textos de prestigiosos autores -fuente de inspiracin̤ y referencia - sobre las principales cuestiones del Derecho Laboral y Seguridad Social, as ̕como tambiň opiniones y documentos sobre temas de actualidad a cargo de cľebres colaboradores nacionales y extranjeros. En lo referido a Legislacin̤, se incorporan las principales normas del m̀bito laboral y de la seguridad social. Podr ̀acceder fc̀ilmente al objeto de su consulta utilizando nuestro avanzado sistema de bs︢queda.
|
| 506 |
1 |
|
|a Contenido solo disponible en los productos indicados
|d vLex Global
|d vLex Global (Academic Edition, excluding Law Schools)
|d vLex Global (U.S. Academic Edition, Law Schools)
|d vLex Global (U.S. Academic Edition, excluding Law Schools)
|d vLex Global (Academic Edition, Law Schools)
|
| 650 |
0 |
4 |
|a Seguridad social
|z Tucumǹ
|
| 740 |
0 |
|
|a vLex libros (servicio en ln̕ea)
|
| 856 |
4 |
0 |
|u http://vlex.com/source/revista-trabajo-y-seguridad-social-tyss--12910
|z Acceso restringido
|
| 942 |
|
|
|c REV
|
| 999 |
0 |
|
|a Social security
|